000 00956cam a2200241 a 4500
001 12662364
005 20241127143643.0
008 020130s2003 caua b 001 0 eng
020 _a053456495X
050 0 0 _aHM1211
_b.I57 2003
082 0 4 _a303.48/2
_221
245 0 0 _aIntercultural communication :
_ba reader /
_c[edited by] Larry A. Samovar, Richard E. Porter.
250 _a10th ed.
260 _aBelmont, CA :
_bWadsworth/Thomson Learning,
_cc2003.
300 _ax, 483 p. :
_bill. ;
_c24 cm.
650 0 _aIntercultural communication.
700 1 _aSamovar, Larry A.
700 1 _aPorter, Richard E.
856 4 2 _3Contributor biographical information
_uhttp://www.loc.gov/catdir/enhancements/fy1515/2002101498-b.html
856 4 2 _3Publisher description
_uhttp://www.loc.gov/catdir/enhancements/fy1515/2002101498-d.html
856 4 1 _3Table of contents only
_uhttp://www.loc.gov/catdir/enhancements/fy1515/2002101498-t.html
942 _2lcc
_cBK
_n0
999 _c1625
_d1625